Principles of econometrics / (Record no. 1536)
| 000 -LEADER | |
|---|---|
| fixed length control field | 02866cam a22003614a 4500 |
| 001 - CONTROL NUMBER | |
| control field | 16500721 |
| 003 - CONTROL NUMBER IDENTIFIER | |
| control field | OSt |
| 005 - DATE AND TIME OF LATEST TRANSACTION | |
| control field | 20150312121150.0 |
| 008 - FIXED-LENGTH DATA ELEMENTS--GENERAL INFORMATION | |
| fixed length control field | 101014s2011 njua b 001 0 eng |
| 010 ## - LIBRARY OF CONGRESS CONTROL NUMBER | |
| LC control number | 2010043316 |
| 020 ## - INTERNATIONAL STANDARD BOOK NUMBER | |
| International Standard Book Number | 9780470626733 (hardback) |
| 020 ## - INTERNATIONAL STANDARD BOOK NUMBER | |
| International Standard Book Number | 0470626739 (hardback) |
| 035 ## - SYSTEM CONTROL NUMBER | |
| System control number | (OCoLC)ocn656452679 |
| 040 ## - CATALOGING SOURCE | |
| Original cataloging agency | DLC |
| Transcribing agency | DLC |
| Modifying agency | YDX |
| -- | BTCTA |
| -- | YDXCP |
| -- | BWX |
| -- | CDX |
| -- | DLC |
| 042 ## - AUTHENTICATION CODE | |
| Authentication code | pcc |
| 050 00 - LIBRARY OF CONGRESS CALL NUMBER | |
| Classification number | HB139.H548 2011 |
| 082 00 - DEWEY DECIMAL CLASSIFICATION NUMBER | |
| Classification number | 330.01/5195 |
| Edition number | 22 |
| 084 ## - OTHER CLASSIFICATION NUMBER | |
| Classification number | BUS021000 |
| Source of number | bisacsh |
| 100 1# - MAIN ENTRY--PERSONAL NAME | |
| Personal name | Hill, R. Carter. |
| 245 10 - TITLE STATEMENT | |
| Title | Principles of econometrics / |
| Statement of responsibility, etc | R. Carter Hill, William E. Griffiths, Guay C. Lim. |
| 250 ## - EDITION STATEMENT | |
| Edition statement | 4th ed. |
| 260 ## - PUBLICATION, DISTRIBUTION, ETC. (IMPRINT) | |
| Place of publication, distribution, etc | Hoboken, NJ : |
| Name of publisher, distributor, etc | Wiley, |
| Date of publication, distribution, etc | c2011. |
| 300 ## - PHYSICAL DESCRIPTION | |
| Extent | xxvi, 758 p. : |
| Other physical details | ill. ; |
| Dimensions | 27 cm. |
| 504 ## - BIBLIOGRAPHY, ETC. NOTE | |
| Bibliography, etc | Includes bibliographical references and index. |
| 505 8# - FORMATTED CONTENTS NOTE | |
| Formatted contents note | Machine generated contents note: Chapter 1 An Introduction to Econometrics. -- A Probability Primer. -- Chapter 2 The Simple Linear Regression Model. -- Chapter 3 Interval Estimation and Hypothesis Testing. -- Chapter 4 Prediction, Goodness-of-Fit and Modeling Issues. -- Chapter 5 The Multiple Regression Model. -- Chapter 6 Further Inference in the Multiple Regression Model. -- Chapter 7 Using Indicator Variables. -- Chapter 8 Heteroskedasticity. -- Chapter 9 Regression with Time Series Data: Stationary Variables. -- Chapter 10 Random Regressors and Moment Based Estimation. -- Chapter 11 Simultaneous Equations Models. -- Chapter 12 Regression with Time Series Data: Nonstationary Variables. -- Chapter 13 Vector Error Correction and Vector Autoregressive Models. -- Chapter 14 Time-Varying Volatility and ARCH Models. -- Chapter 15 Panel Data Models. -- Chapter 16 Qualitative and Limited Dependent Variable Models. -- Appendix A Mathematical Tools. -- Appendix B Probability Concepts. -- Appendix C Review of Statistical Inference. |
| 520 ## - SUMMARY, ETC. | |
| Summary, etc | "Designed to arm finance professionals with an understanding of why econometrics is necessary, this book also provides them with a working knowledge of basic econometric tools. The fourth edition has been thoroughly updated to reflect the current state of economic and financial markets. New discussions are presented on Kennel Density Fitting and the analysis of treatment effects. A new summary of probability and statistics has been added. In addition, numerous new end-of-chapter questions and problems have been integrated throughout the chapters. This will help finance professionals apply basic econometric tools to modeling, estimation, inference, and forecasting through real world problems."-- |
| 650 #0 - SUBJECT ADDED ENTRY--TOPICAL TERM | |
| Topical term or geographic name as entry element | Econometrics. |
| 700 1# - ADDED ENTRY--PERSONAL NAME | |
| Personal name | Griffiths, William E. |
| 700 1# - ADDED ENTRY--PERSONAL NAME | |
| Personal name | Lim, G. C. |
| Fuller form of name | (Guay C.) |
| 906 ## - LOCAL DATA ELEMENT F, LDF (RLIN) | |
| a | 7 |
| b | cbc |
| c | orignew |
| d | 1 |
| e | ecip |
| f | 20 |
| g | y-gencatlg |
| 942 ## - ADDED ENTRY ELEMENTS (KOHA) | |
| Source of classification or shelving scheme | |
| Koha item type | Book |
| Withdrawn status | Lost status | Source of classification or shelving scheme | Damaged status | Not for loan | Home library | Current library | Shelving location | Date acquired | Total Checkouts | Full call number | Barcode | Date last seen | Date checked out | Copy number | Price effective from | Koha item type |
|---|---|---|---|---|---|---|---|---|---|---|---|---|---|---|---|---|
| Riara University Library | Riara University Library | General stack | 12/03/2015 | 5 | HB139.H548 2011 | 5334/15 | 28/09/2018 | 27/08/2018 | C.1 | 12/03/2015 | Book |
